000
00305nam a22001337a 4500
008
170526b xxu||||| |||| 00| 0 eng d
020
_a
9781585031160
041
_a
eng
080
_a
62
100
_a
25
101
_a
IM
245
_a
PARAMETRIC MODELING WITH PRO/ENGINEER
_c
SHIH, R.H
942
_2
udc
_c
BK
999
_c
14425
_d
14425